000
00313nam a2200133Ia 4500
008
191201s2009 xx 000 0 und d
100
_a
KANG, Sung-Mo
245
0
_a
CMOS Digital Integrated Circuits
250
_a
Rep.
260
_a
N.Delhi
_b
TMH
_c
2009
300
_a
655
650
_a
B.Tech(ECE)
942
_2
ddc
_c
BK
999
_c
4041
_d
4041